000 00213 a2200097 4500
001 30725
100 _aAitchison, L
245 _aThe story of metals
260 _aEngland
_bLadybird Bks
_c
090 _c20657
_d20657
942 _aNUST-CAE
_cM
_c11844
999 _c265798
_d265798